Wireless telephony and broadcasting / (Record no. 657828)

MARC details
000 -LEADER
fixed length control field 00944nam a2200313 a 4500
001 - CONTROL NUMBER
control field vtls000811297
003 - CONTROL NUMBER IDENTIFIER
control field NLI
005 - DATE AND TIME OF LATEST TRANSACTION
control field 20210627054034.0
008 - FIXED-LENGTH DATA ELEMENTS--GENERAL INFORMATION
fixed length control field 110331s1972 enk 001 0 eng
039 #9 - LEVEL OF BIBLIOGRAPHIC CONTROL AND CODING DETAIL [OBSOLETE]
-- 201103311654
-- Vargis_01
040 ## - CATALOGING SOURCE
Original cataloging agency NLI
Language of cataloging eng
Transcribing agency Vergis_S
Description conventions AACR2
041 0# - LANGUAGE CODE
Language code of text/sound track or separate title eng
044 ## - COUNTRY OF PUBLISHING/PRODUCING ENTITY CODE
MARC country code enk
082 04 - DEWEY DECIMAL CLASSIFICATION NUMBER
Classification number 621.3845
100 1# - MAIN ENTRY--PERSONAL NAME
Personal name Dowsett, Harry Melville.
9 (RLIN) 779565
245 10 - TITLE STATEMENT
Title Wireless telephony and broadcasting /
Statement of responsibility, etc. by Harry Melville Dowsett.
260 ## - PUBLICATION, DISTRIBUTION, ETC.
Place of publication, distribution, etc. London :
Name of publisher, distributor, etc. Gresham Pub,
Date of publication, distribution, etc. 1924
300 ## - PHYSICAL DESCRIPTION
Extent -v ;
Dimensions 25 cm.
500 ## - GENERAL NOTE
General note Library has v.2
500 ## - GENERAL NOTE
General note Glossary : p. 217-225
504 ## - BIBLIOGRAPHY, ETC. NOTE
Bibliography, etc. note Includes bibliographical references and index
650 #0 - SUBJECT ADDED ENTRY--TOPICAL TERM
Topical term or geographic name entry element Telegraph, Wireless
9 (RLIN) 700397
650 #0 - SUBJECT ADDED ENTRY--TOPICAL TERM
Topical term or geographic name entry element Radio
9 (RLIN) 691051
887 ## - NON-MARC INFORMATION FIELD
Content of non-MARC field
901 ## - LOCAL DATA ELEMENT A, LDA (RLIN)
a G23562 ;
b 10.01.1973
9 v.2
902 ## - LOCAL DATA ELEMENT B, LDB (RLIN)
a E/O 621.3845 W 761
949 ## - LOCAL PROCESSING INFORMATION (OCLC)
-- VIRTUAITEM
-- 10000
-- 100
6 GXX000023562ENG
9 v.2
942 ## - ADDED ENTRY ELEMENTS (KOHA)
Source of classification or shelving scheme Dewey Decimal Classification
Koha item type Books
Holdings
Withdrawn status Lost status Damaged status Not for loan Collection code Home library Current library Shelving location Date acquired Total Checkouts Full call number Barcode Date last seen Price effective from Koha item type
        New English Oversized National Library of India National Library of India New English Oversized - Main Stack Division     E/O 621.3845 W 761 GXX000023562ENG 27/06/2021 27/06/2021 Books
                                                                           
web counter

Copyright ©2020 The National Library of India, Govt. of India ↔ Hosted by NVLI, MOC ↔ Technology and Design by National Library of India, Ministry of Culture, Govt. of India